1859 1106 1393 1517 1619 1074 1839 1483 1763 1680 1225 1377 1090 1611 1336 1841 1286 1061 1243 1471 1310 1063 1440 1100 1571 1631 1813 1037 1030 1414 1044 1562 1200 1009 1201 1306 1026 1660 1917 1670 1540 1285 1309 1255 1971 1706 1925 1346 1891 1569 1837 1604 1245 1329 1023 1649 1300 1917 1257 1950 1842 1243 1924 1891 1945 1907 1335 1644 1774 1742 1974 1361 1325 1884 1449 1810 1489 1056 1642 1227 1407 1368 1644 1323 1986 1214 1456 1232 1853 1363 1950 1592 1226 1852 1597 1455 1213 1747 1836 BCNSPRNW ULIB Ver.6.0+V

เปลี่ยนเป็นภาษาไทย

Change to English
 แสดงรายละเอียดบรรณานุกรม
  กลับหน้าหลัก

Brief Record : Get Marc (ISO 2709) : E-mail record : QR code < ปิดหน้าต่าง
LEADER : 00000nam 2200000uu 4500
001    13399126660
003     ULIB
008    190204s2561||||th 000 0 tha d
020    ^a9786168212004
060  0 ^aWT100^bต646
110 1  ^aคณะแพทยศาสตร์ โรงพยาบาลจุฬาลงกรณ์ สภากาชาดไทย
245    ^aตำราเวชศาสตร์ผู้สูงอายุ/^cคณะแพทยศาสตร์ โรงพยาบาลจุฬาลงกรณ์ สภากาชาดไทย
250    ^aพิมพ์ครั้งที่ 1
260    ^aกรุงเพทฯ :^bคณะแพทยศาสตร์ โรงพยาบาลจุฬาลงกรณ์ สภากาชาดไทย,^c2561
300    ^a1008 หน้า;^b30 ซม.
650    ^aเวชศาสตร์วัยชรา
945    ^p1400^l0^i005152
945    ^p1400^l0^i005151
945    ^p1400^l0^i005154
945    ^p1400^l0^i005155
945    ^p1400^l0^i005150
945    ^p1400^l0^i005156
945    ^p1400^l0^i005153
999    ^aประนอม เกษจรัล
รายการนี้ยังไม่มีแท็ก
คุณยังไม่ได้ล็อกอิน คุณสามารถมีกิจกรรมร่วมกับเว็บไซต์ได้ แต่ต้องล็อกอินก่อน ::
  ล็อกอิน

รายการสื่อสารสนเทศ

ลำดับที่ ประเภท เลขเรียก/บาร์โค้ด สถานที่ สถานะ
1. วิทยาศาสตร์การแพทย์ และสุขภาพ
หนังสือสำรอง
สถานะ=หนังสือสำรอง
WT100 ต646 ฉ.1 
  Barcode: 005150
ห้องสมุดวิทยาเขตสวรรค์ประชารักษ์
►หนังสือทั่วไป
บนชั้น
2. วิทยาศาสตร์การแพทย์ และสุขภาพ
วิทยาศาสตร์การแพทย์ และสุขภาพ
WT100 ต646 ฉ.2 
  Barcode: 005151
ห้องสมุดวิทยาเขตสวรรค์ประชารักษ์
►หนังสือทั่วไป
บนชั้น
3. วิทยาศาสตร์การแพทย์ และสุขภาพ
วิทยาศาสตร์การแพทย์ และสุขภาพ
WT100 ต646 ฉ.3 
  Barcode: 005152
ห้องสมุดวิทยาเขตสวรรค์ประชารักษ์
►หนังสือทั่วไป
บนชั้น
4. วิทยาศาสตร์การแพทย์ และสุขภาพ
วิทยาศาสตร์การแพทย์ และสุขภาพ
WT100 ต646 ฉ.4 
  Barcode: 005153
ห้องสมุดวิทยาเขตสวรรค์ประชารักษ์
►หนังสือทั่วไป
บนชั้น
5. วิทยาศาสตร์การแพทย์ และสุขภาพ
วิทยาศาสตร์การแพทย์ และสุขภาพ
WT100 ต646 ฉ.5 
  Barcode: 005154
ห้องสมุดวิทยาเขตสวรรค์ประชารักษ์
►หนังสือทั่วไป
บนชั้น
6. วิทยาศาสตร์การแพทย์ และสุขภาพ
วิทยาศาสตร์การแพทย์ และสุขภาพ
WT100 ต646 ฉ.6 
  Barcode: 005155
ห้องสมุดวิทยาเขตสวรรค์ประชารักษ์
►หนังสือทั่วไป
บนชั้น
7. วิทยาศาสตร์การแพทย์ และสุขภาพ
วิทยาศาสตร์การแพทย์ และสุขภาพ
WT100 ต646 ฉ.7 
  Barcode: 005156
ห้องสมุดวิทยาเขตสวรรค์ประชารักษ์
►หนังสือทั่วไป
บนชั้น

รายการใกล้เคียง
    หัวเรื่อง [เวชศาสตร์วัยชรา]

BibComment


ยังไม่เคยถูกคอมเมนท์

คอมเมนท์ทรัพยากรรายการนี้
  คอมเมนท์: ตำราเวชศาสตร์ผู้..


 Copyright 2026. Bcnsprnw @Library